000 00327nam a22001457a 4500
008 210312b ||||| |||| 00| 0 eng d
020 _a9780324071450
041 _aeng
080 _25th
_a331.101.262
082 _25th
_a331.101.262
100 _a52
101 _aMAKRO
245 _aEconomics
_cArnold,A.R
942 _2udc
_cBK
999 _c56526
_d56526